Top 50 du classement de la Fifa (2023) - Statistiques

Statistiques générales
  • Ce quiz a été pris 6 480 fois
  • Le résultat moyen est 38 sur 50
Statistiques - réponses
# Pays % Correct
1 Argentine
99%
2 France
99%
3 Brésil
98%
5 Angleterre
95%
4 Belgique
95%
10 Espagne
94%
8 Italie
93%
11 Maroc
93%
9 Portugal
93%
14 Allemagne
92%
6 Pays bas
91%
35 Algérie
89%
7 Croatie
89%
20 Japon
89%
38 Russie
86%
12 Suisse
86%
47 Canada
84%
44 Norvège
83%
16 Uruguay
83%
15 Mexique
81%
23 Pologne
81%
18 Sénégal
81%
13 USA
81%
17 Colombie
80%
22 Suède
80%
19 Danemark
79%
29 Tunisie
79%
36 Egypte
78%
28 République de Corée
78%
30 Australie
77%
32 Chili
76%
42 Cameroun
74%
43 Turquie
72%
49 République d'Irlande
71%
31 Ukraine
71%
26 Serbie
67%
37 Ecosse
66%
33 Autriche
65%
34 Hongrie
65%
45 Côte d'Ivoire
64%
41 Equateur
64%
27 Pays de Galles
63%
21 Pérou
63%
25 Serbie
63%
39 République-Tchèque
60%
40 Nigéria
59%
46 Roumanie
59%
48 Paraguay
53%
24 RI Iran
23%
50 Burkina Faso
21%
Aucun quiz correspondant
Distribution des résultats
% des personnes avec chaque résultat
Percentile par nombre de réponses
Votre historique - résultats
Vous n’avez pas pris ce quiz